000 01713nam0a2200385 4500
001 RU\NLR\bibl\732813
005 20260409065651.0
010 _a5-7905-2003-0
010 _a5-94832-141-Х
_95000
021 _aRU
_b2004-78150
_93855
035 _a(NLR Aleph) 000722758
090 _a713410
_c713410
100 _a20050309d2004 |||y0rusy50 ca
101 0 _arus
102 _aRU
105 _aa |||||||||
200 1 _aРаботы по металлу
_eсварка, пайка, резка металлов
_eпракт. пособие
_fА. Навроцкий
210 _aМ.
_cРипол классика
_cЛада
_d2004
215 _a414,[1] с.
_cил.
_d21
225 1 _aНа все случаи
606 _aСварка
_jРуководства, пособия и т.п.
_3RU\NLR\auth\6654217
_9987028
606 _aСварка
_jПрактические пособия
_3RU\NLR\auth\6654217
_9987028
606 0 _aПаяние
_jРуководства, пособия и т.п.
_9951152
_3RU\NLR\auth\6634814
606 0 _aПайка
_jПрактические пособия
_92223798
_3RU\NLR\auth\661335133
606 0 _aРезка металлов
_jРуководства, пособия и т.п.
_9986922
_3RU\NLR\auth\6654159
606 0 _aРезка металлов
_jПрактические пособия
_9986922
_3RU\NLR\auth\6654159
686 _aК64я7
700 1 _4070
_7ca
_8rus
_aНавроцкий
_bА. Г.
_f1938-
_gАлександр Георгиевич
_9265767
_3RU\NLR\AUTH\770265823
801 0 _aRU
_bNLR
_c20050309
_gPSBO
801 1 _aRU
_bNLR
_c20050309
830 _aАвт. по кн.
942 _cBOOK
980 _aNB